| 000 | 00794nam a22002297a 4500 | ||
|---|---|---|---|
| 001 | 30686 | ||
| 003 | UA-OsUOA | ||
| 005 | 20220702111734.0 | ||
| 007 | ta | ||
| 008 | 20041112b un ||||| |||| 00| 0 ukr d | ||
| 040 |
_aUA-OsUOA _brus _cUA-OsUOA _dUA-OsUOA |
||
| 041 | _arus | ||
| 044 | _aRU | ||
| 080 | _a82.09(075)(470+571) | ||
| 090 |
_a82.09(075)(470+571) _bК90 |
||
| 245 |
_aРусская критика XVIII-XIX веков: хрестоматия _bучебное пособие для студентов пед. ин-тов по специальносте №2101 "Русский язык и литература" _cсост. В. И. Кулешов |
||
| 260 |
_aМосква _bПросвещение _c1978 |
||
| 300 | _a607 с. | ||
| 650 | 7 | _2UDC | |
| 942 |
_cBK _2udc |
||
| 955 | _a0 | ||
| 999 |
_c317100 _d317100 |
||